The white shadow /

Bibliographic Details
Main Author: Evans, Max, 1924-2020
Format: Book
Language:English
Published: San Diego, Calif. : Joyce Press, 1977.

MARC

Tag First Indicator Second Indicator Subfields
LEADER 00000cam a2200000 a 4500
001 in00000550430
005 20210515064030.0
008 780117s1977 cau 00011 engm
010 |a  77085861  
020 |a 0893250066 :  |c $7.95 
035 |a (OCoLC)03630395 
035 |9 ACJ1622AM 
040 |a DLC  |c DLC  |d m.c.  |d TXA  |d UtOrBLW 
049 |a TXAM  |c [778256] 
050 0 0 |a PS3555.V23  |b W47 
082 0 |a 813/.54  |2 19 
100 1 |a Evans, Max,  |d 1924-2020. 
245 1 4 |a The white shadow /  |c by Max Evans. 
264 1 |a San Diego, Calif. :  |b Joyce Press,  |c 1977. 
300 |a 176 pages ;  |c 23 cm. 
336 |a text  |b txt  |2 rdacontent 
337 |a unmediated  |b n  |2 rdamedia 
338 |a volume  |b nc  |2 rdacarrier 
999 |a MARS 
999 f f |s 346c94df-fb57-36cd-9f5a-43832c059224  |i 9fc98f50-452c-3d41-9b8f-f0a9db0476cc  |t 0 
952 f f |p ric  |a Texas A&M University  |b Rellis Campus  |c Joint Library Facility  |d Remote Storage  |t 0  |e PS3555.V23 W47  |h Library of Congress classification  |i unmediated -- volume  |m A14808912907 
998 f f |a PS3555.V23 W47  |t 0  |l Remote Storage